Clichy la Garenne ou Clichy sous Bois ? - Statistiques

Statistiques générales
  • Ce quiz a été pris 27 fois
  • Le résultat moyen est 9 sur 15
Statistiques - réponses
Question Réponse % Correct
Est desservi par la ligne 13 du métro Clichy la Garenne
96%
Est bordé par la Seine Clichy la Garenne
83%
La mort de deux jeunes électrocutés qui étaient poursuivis pas la police dans cette ville a provoqué des rixes en France en 2005. Clichy sous Bois
83%
Est desservi par la ligne L du transilien Clichy la Garenne
78%
A une partie de son territoire boisée Clichy sous Bois
78%
Est la commune la plus grande en superficie Clichy sous Bois
70%
A une densité supérieure à 21 000 habitants par km2 Clichy la Garenne
65%
Est limitrophe d'un autre département Clichy la Garenne
61%
Sera desservi par une nouvelle ligne de métro dans le cadre du projet du Grand Paris Express vers 2027-2028 Clichy sous Bois
61%
Est peuplé de plus de 25 000 habitants Les deux
61%
Est traversé par une ligne de tramway Clichy sous Bois
57%
Est la commune la plus proche de la grande couronne Clichy sous Bois
52%
Faisait partie de l'ancienne Seine et Oise Clichy sous Bois
43%
Est situé dans la petite couronne Les deux
30%
A pour gentilés les clichois Les deux
17%
Aucun quiz correspondant
Distribution des résultats
% des personnes avec chaque résultat
Percentile par nombre de réponses
Votre historique - résultats
Vous n’avez pas pris ce quiz